003660000a2200145000450000500170000024500340001726000360005130000100008749000540009704000080015136500110015965000130017065000180018365000190020120120302054853.0 a Shiv-Charitra Vruttasangraha aPune:Datto Waaman Potdaar,1939. a125p. aBharat Itihaas Sanshodhan Mandal Granthmaalaa-52. aMAR b1.25/- aCharitra aShiv-Charitra aPharsi Vibhaga